LEADER 01381nam a2200325 a 4500 001 000000149810 003 CaOOAMICUS 005 20160226151626.0 008 160226s2015 it u000 u ita r 020 $a978-88-7016-980-5* 032 $aLibriCat 040 $aPUL$bita 041 1 $aita$heng 100 1 $aOden, Thomas C.$0(OLS)http://pul/name/30263 240 10$aFirst and Second Timothy and Titus.$lItaliano.$0(OLS)http://pul/title/188840 245 10$aI e II Timoteo, Tito /$cThomas C. Oden. 260 $aTorino :$bClaudiana,$c2015. 300 $a243 p. ;$c24 cm. 490 1 $aStrumenti. Commentari ;$v70 504 $aIndici e bibliografia: p. 213-234. 630 04$aBiblia.$pN.T.$pAd Titum$xCritica, interpretazione, ecc.$0(OLS)http://pul/subject/15548 630 04$aBiblia.$pN.T.$pAd Timotheum I-II$xCritica, interpretazione, ecc.$0(OLS)http://pul/subject/15547 830 0$aStrumenti (Claudiana).$pCommentari ;$v70.$0(OLS)http://pul/title/133061 850 $aPUL 852 $aPUL$W1$xSL Religione 3$y85$m220. 6 COLL 1.70$j172432$qDDC 21$B174169$CPULBib$Z2$F174169 $H127292 $81 941 1 $a9 996 $6020$a978-88-7016-980-5*$9(OLS)http://pul/number/159884 996 $6245$aI e II Timoteo, Tito$9(OLS)http://pul/title/188841 996 $6260$aTorino :$bClaudiana$9(OLS)http://pul/publisher/48072 LEADER 01210nam a2200277 a 4500 001 000000105446 003 CaOOAMICUS 005 20070605171618.0 008 070605s2007 it 001 0 ita d 020 $z987-88-311-3292-3* 040 $aPUG$bita$dip$dPUL$dES 100 1 $aRepole, Roberto.$0(OLS)http://pul/name/64750 245 13$aIl pensiero umile :$bin ascolto della Rivelazione /$cRoberto Repole ; prefazione di Piero Coda. 260 $aRoma :$bCittà Nuova,$c©2007. 300 $a198 p. ;$c20 cm 490 1 $aContributi di teologia ;$v52 504 $aContiene riferimenti bibliografici e indice 650 04$aRivelazione.$0(OLS)http://pul/subject/3064 700 1 $aCoda, Piero.$0(OLS)http://pul/name/19301 830 0$aContributi di teologia ;$v52.$0(OLS)http://pul/title/23834 850 $aPUL 852 $aPUL$W1$xSL Religione 3$y85$m231. 7 REPRO 1$j118170$qDDC 21$q $B118080$CPULBib$Z2$F118080 $H104440 $81 941 1 $a9 996 $6020$z987-88-311-3292-3*$9(OLS)http://pul/number/134660 996 $6245$aIl pensiero umile :$bin ascolto della Rivelazione$9(OLS)http://pul/title/132698 996 $6260$aRoma :$bCittà Nuova$9(OLS)http://pul/publisher/47927